000 02683nam a22002537a 4500
003 Uzh_bibl
008 260514b |||||||| |||| 00| 0 ukr d
020 _a978-966-10-5977-0
_c141.75
040 _bукр.
041 _2eng
_aukr
080 _a821(73)
090 _a821(73)
_bБ 87
100 _aБредбері,Рей
245 _aЗелені тіні,Білий Кит
_cпер. з англ.Ю.Вітяка
_hТекст
260 _aТернопіль
_bНавчальна книга-Богдан
_c2019
300 _a352 с.
_fВ опр.
520 _aОксамитова зелень, запони туману, що чергуються із повсякденним дощем — це звичний антураж ірландського краю, про який не до снаги було не написати й Рею Бредбері. Утім, роман далеко не про пейзажі. Кожна декорація намертво прикріплена до тамтешніх обивателів; за непримітною, здавалося б, побутовою балачкою, а то й безмовною мізансценою, криється життя народу, на котрий автор впритул поглипує, прислухаючись до його серцебиття. «Зелені тіні, Білий Кит» належить до автобіографічних творів. У ньому йдеться про враження письменника від Ірландії, куди той приїхав, аби створити сценарій для кінокартини про легендарного Мобі Діка. Тут ви не натрапите на фантастику, однак отримаєте колосальну втіху від комічних епізодів, поринете у роздуми під впливом екзистенційних реплік, краєм ока побачите видатні мистецькі полотна, пуститесь в історичний екскурс, здивуєтесь, вгамуєтесь, запрагнете і руху, і непорушності. А заразом, сподіваємось, відчуєте любов до ірландців, у якій переконливо зізнався сам автор.
521 _aДля широкого кола читачів
546 _aукр.
650 _aЛітературно-художнє видання
653 _aІрландський край
_aЛюбов
655 _aПроза
_vРоман
942 _2udc
_cBK
999 _c17762
_d17762